[Event "Fagernes Chess International 2014"]
[Site "Fagernes"]
[Date "2014.04.13"]
[Round "4"]
[White "Løbersli, Henrik Øie"]
[Black "Kaasen, Tor Fredrik"]
[Result "1-0"]
[WhiteElo "1857"]
[BlackElo "1527"]
[PlyCount "129"]
[EventDate "2014.??.??"]

1. d4 Nf6 2. c4 e5 3. dxe5 Ng4 4. Nf3 Nc6 5. Bf4 Bb4+ 6. Nbd2 Qe7 7. e3 Ngxe5
8. Nxe5 Nxe5 9. Be2 b6 10. O-O Bb7 11. a3 Bd6 12. Qc2 O-O 13. Rfd1 Rfe8 14.
Rac1 c5 15. Ne4 Bc7 16. Nc3 Rac8 17. Nd5 Bxd5 18. Rxd5 Ng6 19. Bxc7 Rxc7 20.
Bf1 Ne5 21. Rcd1 f6 22. Qf5 Qe6 23. Qh5 Re7 24. b3 Qf7 25. Qe2 Qg6 26. g3 Qg4
27. Qxg4 Nxg4 28. Bh3 Ne5 29. f4 Nc6 30. Kf2 Na5 31. R1d3 Kf8 32. Kf3 Ke8 33.
Bf1 Nc6 34. h4 g6 35. g4 h6 36. Kf2 a5 37. Bg2 Re6 38. Rd2 Ke7 39. Bf1 Ra7 40.
Bd3 g5 41. Bf5 gxf4 42. exf4 Nd4 43. Bxe6 Nxe6 44. Kg3 Ng7 45. Rd6 Rb7 46. f5
Ne8 47. R6d5 d6 48. a4 Rd7 49. Re2+ Kf7 50. Re6 Re7 51. Rxe7+ Kxe7 52. Kf4 Kd7
53. g5 h5 54. Rd3 Ke7 55. Re3+ Kf7 56. g6+ Kf8 57. Rxe8+ Kxe8 58. Ke4 d5+ 59.
Kxd5 b5 60. cxb5 c4 61. bxc4 Kf8 62. b6 Kg8 63. b7 Kf8 64. b8=Q+ Kg7 65. Qc7+
1-0

[Event "Fagernes Chess International 2014"]
[Site "Fagernes"]
[Date "2014.04.13"]
[Round "4"]
[White "Kizatbay, Abyl"]
[Black "Mossin, Ivar Alexander"]
[Result "1-0"]
[WhiteElo "1144"]
[BlackElo "1847"]
[PlyCount "61"]
[EventDate "2014.??.??"]

1. e4 e6 2. d4 d5 3. e5 c5 4. c3 Nc6 5. Nf3 Qb6 6. a3 Nh6 7. Bd3 Bd7 8. Bc2 Nf5
9. Bxf5 exf5 10. O-O Be7 11. dxc5 Qxc5 12. Be3 Qb5 13. b4 Be6 14. Qc2 O-O 15.
Nbd2 Nd8 16. Nd4 Qd7 17. f4 b6 18. g4 g6 19. g5 Nc6 20. N2b3 Rac8 21. Rac1 Rfd8
22. Qf2 Kg7 23. h4 Kg8 24. h5 Kg7 25. Qh2 Rh8 26. Rf3 Kg8 27. Rh3 Kg7 28. Kf2
Rhg8 29. hxg6 hxg6 30. Rh7+ Kf8 31. Rh8
1-0

[Event "Fagernes Chess International 2014"]
[Site "Fagernes"]
[Date "2014.04.13"]
[Round "4"]
[White "Kjølberg, Jens Hjorth"]
[Black "Kizatbay, Alseit"]
[Result "1-0"]
[WhiteElo "2092"]
[BlackElo "1408"]
[PlyCount "79"]
[EventDate "2014.??.??"]

1. c4 Nf6 2. Nc3 g6 3. e4 d6 4. d4 Bg7 5. Nge2 O-O 6. Ng3 e5 7. d5 a5 8. Be2
Na6 9. h4 h6 10. h5 g5 11. O-O Nc5 12. Be3 b6 13. Rb1 Bd7 14. b3 Qc8 15. a3 Ne8
16. Qc2 Nxe4 17. Ngxe4 f5 18. Nxg5 hxg5 19. Bxg5 Bf6 20. Bd2 Qd8 21. f4 e4 22.
g3 Qe7 23. Kg2 Kh7 24. Rh1 Kh6 25. Be3 Rg8 26. Rh3 Qg7 27. Nd1 Bh4 28. Bf2 Bf6
29. Ne3 Rc8 30. Rg1 Bb2 31. Kh2 Bxa3 32. g4 Qb2 33. g5+ Kh7 34. h6 a4 35. bxa4
Ra8 36. Bh5 Qxc2 37. g6+ Kxh6 38. Be2+ Kg7 39. Rh7+ Kf8 40. Rf7#
1-0

[Event "Fagernes Chess International 2014"]
[Site "Fagernes"]
[Date "2014.04.13"]
[Round "4"]
[White "Lien, Kjell Håkon"]
[Black "Sajjadi, Kimiya"]
[Result "1/2-1/2"]
[WhiteElo "2050"]
[BlackElo "1503"]
[PlyCount "109"]
[EventDate "2014.??.??"]

1. c4 Nf6 2. g3 g6 3. Bg2 Bg7 4. Nf3 d6 5. d4 O-O 6. O-O Re8 7. Nc3 Nbd7 8. e4
e5 9. Re1 a5 10. dxe5 Nxe5 11. Nxe5 Rxe5 12. Bf4 Re8 13. Qc2 Nh5 14. Be3 Rb8
15. Rad1 Bd7 16. Rd2 Qc8 17. c5 dxc5 18. Bxc5 Bc6 19. Nd5 Nf6 20. Ne7+ Rxe7 21.
Bxe7 Qe6 22. Bxf6 Bxf6 23. b3 Be7 24. Red1 a4 25. e5 Bxg2 26. Kxg2 Qxe5 27. Re2
Qc5 28. Qxc5 Bxc5 29. bxa4 Ra8 30. Rc1 Bd6 31. Rc4 Kg7 32. Kf3 Kf6 33. Rb2 b6
34. Ke4 Ke6 35. Re2 Rb8 36. Kd4+ Kd7 37. Kd3 Ra8 38. f4 f6 39. h4 h6 40. Rh2
Rg8 41. Ke4 f5+ 42. Kf3 h5 43. Ke3 Ra8 44. Rb2 Re8+ 45. Kd2 Ra8 46. Rb5 Bc5 47.
Kd3 Re8 48. Rcxc5 bxc5 49. Rxc5 Kd6 50. Kc4 Re3 51. a5 Rxg3 52. a6 Ra3 53. Rd5+
Kc6 54. Re5 Kd7 55. Kb5
1/2-1/2

[Event "Fagernes Chess International 2014"]
[Site "Fagernes"]
[Date "2014.04.13"]
[Round "4"]
[White "Machlik, Endre"]
[Black "Theting, Helge E."]
[Result "1-0"]
[WhiteElo "1790"]
[BlackElo "1943"]
[PlyCount "95"]
[EventDate "2014.??.??"]

1. d4 g6 2. c4 Bg7 3. e4 d6 4. f4 c5 5. d5 e6 6. dxe6 Bxe6 7. Bd3 Nc6 8. f5 Bc8
9. Nf3 Nf6 10. O-O O-O 11. Nc3 Ng4 12. Bg5 f6 13. Bf4 Nge5 14. Bc2 Kh8 15. b3
Nxf3+ 16. Rxf3 Nd4 17. Rh3 g5 18. Be3 Nxc2 19. Qxc2 Re8 20. Bf2 Bf8 21. Rd1 b6
22. Rhd3 Bb7 23. Bg3 Bxe4 24. Nxe4 Rxe4 25. Qc3 Kg7 26. Bxd6 Bxd6 27. Rxd6 Qf8
28. Rd7+ Re7 29. Qf3 Rae8 30. Qb7 Qf7 31. Qxa7 Kh8 32. Rxe7 Rxe7 33. Qxb6 Kg7
34. Qxc5 Qe8 35. h3 Re5 36. Qc7+ Re7 37. Qd6 h5 38. c5 g4 39. Kh2 gxh3 40. Qg3+
Kh8 41. Rd2 Rg7 42. Qxh3 Qe5+ 43. g3 Rg5 44. c6 Qc5 45. Qg2 Rxf5 46. Rc2 Qf8
47. c7 Qc8 48. Qd2
1-0

[Event "Fagernes Chess International 2014"]
[Site "Fagernes"]
[Date "2014.04.13"]
[Round "4"]
[White "Skrede, Snorre"]
[Black "Machlik, Monika"]
[Result "0-1"]
[WhiteElo "1729"]
[BlackElo "1976"]
[PlyCount "112"]
[EventDate "2014.??.??"]

1. d4 d5 2. Nf3 Nf6 3. g3 c6 4. Bg2 Bf5 5. O-O h6 6. c4 e6 7. Nc3 Bd6 8. Re1
O-O 9. Qb3 Qb6 10. Qxb6 axb6 11. cxd5 exd5 12. Nd2 Nbd7 13. f3 Bg6 14. e4 dxe4
15. Ndxe4 Bb4 16. Bd2 Rfe8 17. a3 Bf8 18. Kf2 Bf5 19. Nxf6+ Nxf6 20. Rxe8 Rxe8
21. Re1 Rd8 22. Be3 Be6 23. Rd1 Nd5 24. Nxd5 Bxd5 25. f4 Be7 26. Bxd5 Rxd5 27.
Ke2 f5 28. h4 Kf7 29. b4 Ke6 30. Bf2 Bf6 31. Rd3 b5 32. h5 Rd8 33. Rd2 Kd5 34.
Kd3 Ra8 35. Ra2 Re8 36. Rd2 Re4 37. Kc3 Bd8 38. Kd3 Bb6 39. Kc3 Ba7 40. Bg1 Re1
41. Bf2 Re4 42. Bg1 Bb6 43. Bf2 Bd8 44. Kd3 Bf6 45. Kc3 b6 46. Bg1 Re1 47. Bf2
Rh1 48. Re2 Rh2 49. Kd3 Bxd4 50. Bxd4 Rxe2 51. Bxg7 Rg2 52. Bxh6 Rxg3+ 53. Kd2
Rh3 54. Bg5 Rxh5 55. Bd8 Rh3 56. Bxb6 Rxa3
0-1

[Event "Fagernes Chess International 2014"]
[Site "Fagernes"]
[Date "2014.04.13"]
[Round "4"]
[White "Rygg, Snorre"]
[Black "Maloberti, David"]
[Result "1-0"]
[WhiteElo "1821"]
[BlackElo "2048"]
[PlyCount "83"]
[EventDate "2014.??.??"]

1. c4 e5 2. Nf3 Nc6 3. Nc3 Nf6 4. d4 exd4 5. Nxd4 Bc5 6. Nxc6 bxc6 7. Bf4 O-O
8. e3 Rb8 9. Qc2 d6 10. Be2 h6 11. O-O Be6 12. Na4 Bb6 13. b4 Qe7 14. Bf3 c5
15. Nxb6 axb6 16. bxc5 dxc5 17. a4 Ne8 18. a5 bxa5 19. Rxa5 Rb4 20. Bd5 c6 21.
Bxe6 Qxe6 22. Rxc5 Nf6 23. Rc1 Ra8 24. Qd2 Raa4 25. Re5 Qd7 26. Qxd7 Nxd7 27.
Re8+ Kh7 28. Kf1 Rxc4 29. Rxc4 Rxc4 30. Re7 Nf6 31. Rxf7 Kg6 32. Rb7 Rc2 33.
Be5 h5 34. Rb2 Rc1+ 35. Ke2 Kf5 36. Bxf6 gxf6 37. Kd2 Rg1 38. g3 Rf1 39. Kd3
Kg4 40. Rc2 Rd1+ 41. Ke4 f5+ 42. Ke5
1-0

[Event "Fagernes Chess International 2014"]
[Site "Fagernes"]
[Date "2014.04.13"]
[Round "4"]
[White "Merkesvik, Amalie Isabel"]
[Black "Myhre, Mads Wollan"]
[Result "1/2-1/2"]
[WhiteElo "1521"]
[BlackElo "1487"]
[PlyCount "120"]
[EventDate "2014.??.??"]

1. e4 e6 2. Nf3 d5 3. exd5 exd5 4. d4 Bd6 5. c4 c6 6. c5 Bc7 7. Nc3 Bf5 8. Bd3
Bxd3 9. Qxd3 Nf6 10. O-O O-O 11. Bg5 Nbd7 12. Rae1 b6 13. Ne5 Qb8 14. Nxd7 Nxd7
15. Re7 Bd8 16. Rxd7 Bxg5 17. Rd6 Qb7 18. Qh3 Rad8 19. Rxd8 Rxd8 20. Qg4 Bf6
21. b4 bxc5 22. bxc5 Qb2 23. Ne2 Qxa2 24. Ng3 Kh8 25. Nh5 Rg8 26. Nxf6 gxf6 27.
Qf4 Rg6 28. h4 Qe2 29. Qd6 Qe6 30. h5 Rg8 31. h6 f5 32. Rb1 Qg6 33. g3 f4 34.
Qxg6 Rxg6 35. Rb7 fxg3 36. Rxf7 gxf2+ 37. Kxf2 Rxh6 38. Rxa7 Rg6 39. Ke3 Rf6
40. Ra8+ Kg7 41. Ra7+ Kg6 42. Ra1 h5 43. Rg1+ Kh6 44. Ke2 Rg6 45. Rf1 h4 46.
Rf5 h3 47. Rf3 Re6+ 48. Kd2 Kg5 49. Rxh3 Kg4 50. Rd3 Kf4 51. Rh3 Rg6 52. Rh4+
Kg3 53. Rh1 Kg2 54. Re1 Rf6 55. Re5 Kg3 56. Rg5+ Kf4 57. Re5 Rg6 58. Kc2 Rg2+
59. Kc3 Rg3+ 60. Kd2 Rg6
1/2-1/2

[Event "Fagernes Chess International 2014"]
[Site "Fagernes"]
[Date "2014.04.13"]
[Round "4"]
[White "Tallaksen, Henrik G"]
[Black "Mørkedal, Øyvind"]
[Result "0-1"]
[WhiteElo "1743"]
[BlackElo "1729"]
[PlyCount "34"]
[EventDate "2014.??.??"]

1. e4 e5 2. Nf3 Nc6 3. Bc4 Bc5 4. c3 Nf6 5. d4 exd4 6. e5 d5 7. Bb5 Ne4 8. cxd4
Bb6 9. h3 O-O 10. O-O Qe7 11. a3 Bd7 12. Nc3 Nxc3 13. bxc3 Nxe5 14. Re1 Nxf3+
15. Qxf3 Qxe1+ 16. Kh2 Bxb5 17. Qg3 Qe6
0-1

[Event "Fagernes Chess International 2014"]
[Site "Fagernes"]
[Date "2014.04.13"]
[Round "4"]
[White "Sundsbø, Sigve"]
[Black "Østgaard, Pål Inge"]
[Result "1/2-1/2"]
[WhiteElo "1663"]
[BlackElo "1284"]
[PlyCount "89"]
[EventDate "2014.??.??"]

1. d4 Nf6 2. c4 g6 3. Nc3 Bg7 4. e4 d6 5. f3 c5 6. d5 O-O 7. Be3 e6 8. Bd3 exd5
9. cxd5 a6 10. a4 Re8 11. Nge2 Nbd7 12. Qd2 Ne5 13. O-O Nxd3 14. Qxd3 Bd7 15.
Ng3 Qc7 16. Rab1 Rab8 17. b4 c4 18. Qd2 b5 19. axb5 axb5 20. Nge2 Ra8 21. Ra1
Qb7 22. Bd4 Rxa1 23. Rxa1 Ra8 24. Ra2 Ra6 25. Kf2 Qa8 26. Rxa6 Qxa6 27. Qb2 Ne8
28. Bxg7 Nxg7 29. Nd4 Qa7 30. Qd2 Nh5 31. g3 Ng7 32. Kg2 Qa6 33. g4 Qb6 34.
Nde2 h5 35. h3 Qd8 36. Qf4 hxg4 37. fxg4 Ne8 38. Qf2 Qb8 39. Qg3 Qd8 40. Qe3
Qb8 41. Kg3 Kg7 42. h4 Nf6 43. g5 Nh5+ 44. Kg2 Qe8 45. Nf4
1/2-1/2

[Event "Fagernes Chess International 2014"]
[Site "Fagernes"]
[Date "2014.04.13"]
[Round "4"]
[White "Tangelder, Yonne"]
[Black "Taksrud, Vidar"]
[Result "0-1"]
[WhiteElo "1829"]
[BlackElo "2052"]
[PlyCount "57"]
[EventDate "2014.??.??"]

1. e4 d5 2. exd5 Nf6 3. d4 Nxd5 4. Nf3 g6 5. c4 Nf6 6. Nc3 Bg7 7. Be2 O-O 8.
O-O c5 9. dxc5 Na6 10. c6 Qxd1 11. Rxd1 bxc6 12. Bf4 Nd7 13. Rac1 h6 14. Rc2
Nac5 15. Bc1 e5 16. Rd6 e4 17. Nd4 Be5 18. Rxc6 Bb7 19. Bxh6 Rfe8 20. Bg4 Bxd4
21. Bxd7 Nxd7 22. Rd6 Bxc3 23. Rxc3 Rad8 24. Rh3 Nc5 25. Rxd8 Rxd8 26. Kf1 Rd3
27. Be3 Na4 28. b3 Rd1+ 29. Ke2
0-1

[Event "Fagernes Chess International 2014"]
[Site "Fagernes"]
[Date "2014.04.13"]
[Round "5"]
[White "Maloberti, David"]
[Black "Hansen, Linda Marie"]
[Result "1-0"]
[WhiteElo "2048"]
[BlackElo "1685"]
[PlyCount "69"]
[EventDate "2014.??.??"]

1. d4 d5 2. c4 e5 3. dxe5 d4 4. Nf3 Nc6 5. Nbd2 Nge7 6. Nb3 Nf5 7. a3 Be6 8.
Qd3 Qd7 9. g3 O-O-O 10. Bg2 h5 11. Bg5 Be7 12. Bxe7 Qxe7 13. Nbd2 Nh6 14. O-O
g5 15. b4 Bf5 16. Qb3 h4 17. Qa4 Kb8 18. Rac1 hxg3 19. hxg3 Ng4 20. Nb3 Ncxe5
21. Nfxd4 Qf6 22. Nxf5 Qxf5 23. Qb5 c6 24. Bxc6 Rd7 25. Nc5 Qh7 26. Nxd7+ Kc7
27. Qa5+ Kxc6 28. Nxe5+ Nxe5 29. Qc5+ Kd7 30. Rfd1+ Ke6 31. Qd5+ Kf6 32. Qg2
Ng4 33. Rd4 Kf5 34. Qe4+ Kf6 35. Qxh7
1-0

[Event "Fagernes Chess International 2014"]
[Site "Fagernes"]
[Date "2014.04.13"]
[Round "5"]
[White "Theting, Helge E."]
[Black "Risting, Eivind Olav"]
[Result "1-0"]
[WhiteElo "1943"]
[BlackElo "1743"]
[PlyCount "145"]
[EventDate "2014.??.??"]

1. Nf3 d5 2. g3 Nf6 3. Bg2 c6 4. O-O Bg4 5. h3 Bh5 6. d3 Nbd7 7. Nbd2 e5 8. e4
dxe4 9. dxe4 Bc5 10. Qe2 O-O 11. a4 Re8 12. Nc4 Qc7 13. Bd2 a5 14. Rfb1 Bf8 15.
Qe1 b6 16. Bc3 Bxf3 17. Bxf3 Nc5 18. Qe3 Ra6 19. Qe2 Nfd7 20. Rd1 Raa8 21. Rd2
Nf6 22. b3 Nb7 23. Rad1 b5 24. Ne3 Nc5 25. Ng4 Nxg4 26. Bxg4 bxa4 27. bxa4 Nxa4
28. Rd7 Nxc3 29. Qc4 Qb6 30. Qxc3 Qb5 31. Qf3 Qc4 32. Qf5 a4 33. Rc7 Re7 34.
Rxe7 Bxe7 35. Qxe5 Bf6 36. Qc7 Qxe4 37. Rd3 Qe1+ 38. Kg2 Re8 39. Qxc6 Qe4+ 40.
Bf3 Qxc6 41. Bxc6 Rc8 42. Bxa4 Rc7 43. Re3 g6 44. Re8+ Kg7 45. Re4 Rc3 46. Bb3
g5 47. Ra4 Rc7 48. Kf3 h5 49. Ke4 Bc3 50. f3 Kg6 51. g4 hxg4 52. hxg4 Kf6 53.
Ra6+ Ke7 54. Kd3 f6 55. Bd5 Be5 56. Re6+ Kd8 57. c4 Re7 58. Ra6 Rc7 59. Ke4 Re7
60. Kf5 Kd7 61. Rxf6 Bxf6 62. Kxf6 Ke8 63. Kxg5 Kf8 64. Kf6 Rf7+ 65. Ke5 Re7+
66. Be6 Ke8 67. f4 Rg7 68. Kf6 Kf8 69. g5 Rf7+ 70. Ke5 Rg7 71. Kf5 Ra7 72. g6
Rb7 73. Kg5
1-0

[Event "Fagernes Chess International 2014"]
[Site "Fagernes"]
[Date "2014.04.13"]
[Round "5"]
[White "Skjelstad, Erling"]
[Black "Flaata, Alexander R."]
[Result "0-1"]
[WhiteElo "1667"]
[BlackElo "2111"]
[PlyCount "56"]
[EventDate "2014.??.??"]

1. e4 c5 2. f4 d5 3. e5 Nc6 4. Nf3 Bf5 5. c4 dxc4 6. Bxc4 e6 7. O-O Be7 8. Nc3
Nh6 9. d3 O-O 10. Ne4 Na5 11. Qe2 Qc7 12. g3 Nxc4 13. dxc4 Rad8 14. Nf2 Ng4 15.
Nxg4 Bxg4 16. Be3 Rd7 17. b4 Rfd8 18. b5 Bf5 19. Rfc1 Qa5 20. Ne1 h6 21. g4 Be4
22. g5 hxg5 23. fxg5 g6 24. h4 Kg7 25. Nf3 Qb4 26. Bd2 Bxf3 27. Qxf3 Qxd2 28.
Rf1 Bxg5
0-1

[Event "Fagernes Chess International 2014"]
[Site "Fagernes"]
[Date "2014.04.13"]
[Round "5"]
[White "Taksrud, Vidar"]
[Black "Løbersli, Henrik Øie"]
[Result "0-1"]
[WhiteElo "2052"]
[BlackElo "1857"]
[PlyCount "56"]
[EventDate "2014.??.??"]

1. Nc3 d5 2. d4 Nf6 3. Nf3 e6 4. Bg5 Be7 5. Bxf6 Bxf6 6. e4 O-O 7. Bd3 c5 8. e5
Be7 9. dxc5 Bxc5 10. O-O Nc6 11. a3 f6 12. Qe2 Nd4 13. Nxd4 Bxd4 14. Qh5 f5 15.
Rae1 a6 16. Kh1 Bd7 17. Nd1 Be8 18. Qh3 Rc8 19. c3 Ba7 20. Ne3 g6 21. f4 d4 22.
Nd1 dxc3 23. Nxc3 Bc6 24. Rd1 Qb6 25. Bc4 Bxg2+ 26. Kxg2 Rxc4 27. Rd2 Rxf4 28.
Rd6 Qxb2+
0-1

[Event "Fagernes Chess International 2014"]
[Site "Fagernes"]
[Date "2014.04.13"]
[Round "5"]
[White "Fossan, Andreas"]
[Black "Bentsen, Håkon"]
[Result "0-1"]
[WhiteElo "1699"]
[BlackElo "2074"]
[PlyCount "80"]
[EventDate "2014.??.??"]

1. d4 d5 2. c4 e6 3. Nc3 Nf6 4. cxd5 exd5 5. Bg5 Nbd7 6. e3 Be7 7. Bd3 c6 8.
Nge2 O-O 9. Qc2 Re8 10. O-O Nf8 11. f3 N6d7 12. Bxe7 Qxe7 13. e4 dxe4 14. fxe4
Nf6 15. Ng3 Be6 16. Nf5 Qd7 17. Ne2 Bxf5 18. Rxf5 Ne6 19. Kh1 Nxd4 20. Nxd4
Qxd4 21. Raf1 Rad8 22. R1f3 Re5 23. Rxe5 Qxe5 24. Qb3 b5 25. Qc2 Qd6 26. Qe2
Ng4 27. Rg3 Ne5 28. Bc2 c5 29. h3 c4 30. b3 Qd2 31. Re3 Qc1+ 32. Kh2 g6 33.
bxc4 Rd2 34. Qe1 Qxc2 35. Qg3 Nxc4 36. Rf3 Qxe4 37. Rf4 Rxg2+ 38. Qxg2 Qxf4+
39. Kh1 Qc1+ 40. Kh2 Qd2
0-1

[Event "Fagernes Chess International 2014"]
[Site "Fagernes"]
[Date "2014.04.13"]
[Round "5"]
[White "Heier, Odin Nikolai"]
[Black "Bue, Gunnar"]
[Result "1-0"]
[WhiteElo "1488"]
[BlackElo "1693"]
[PlyCount "41"]
[EventDate "2014.??.??"]

1. e4 c5 2. Nf3 e6 3. d4 cxd4 4. Nxd4 a6 5. Nc3 d6 6. Be3 Nf6 7. f3 Be7 8. Qd2
O-O 9. O-O-O b5 10. g4 Bb7 11. h4 Nc6 12. Nxc6 Bxc6 13. h5 b4 14. Ne2 a5 15.
Nd4 Bb7 16. Kb1 Rc8 17. g5 Nd7 18. g6 Ne5 19. h6 Nxg6 20. hxg7 Re8 21. Qh2
1-0

[Event "Fagernes Chess International 2014"]
[Site "Fagernes"]
[Date "2014.04.13"]
[Round "5"]
[White "Kizatbay, Alseit"]
[Black "Torgersen, Terje"]
[Result "1/2-1/2"]
[WhiteElo "1408"]
[BlackElo "1970"]
[PlyCount "55"]
[EventDate "2014.??.??"]

1. d4 Nf6 2. Nf3 g6 3. g3 Bg7 4. Bg2 O-O 5. O-O d6 6. c4 Nbd7 7. Nc3 c5 8. d5
Nb6 9. Qd3 Rb8 10. Re1 a6 11. e4 Nfd7 12. b3 Na8 13. Be3 b5 14. Rac1 Qa5 15.
Qd2 bxc4 16. bxc4 Ne5 17. Nxe5 Bxe5 18. Bh6 Re8 19. f4 Bd4+ 20. Kh1 Nb6 21. Qd3
Qa3 22. Bf1 Na4 23. Nxa4 Qxa4 24. Rb1 Qxa2 25. Rxb8 Qf2 26. Bg2 Qxe1+ 27. Qf1
Qe3 28. Qb1
1/2-1/2

[Event "Fagernes Chess International 2014"]
[Site "Fagernes"]
[Date "2014.04.13"]
[Round "5"]
[White "Machlik, Edit"]
[Black "Kristiansen, Willy"]
[Result "0-1"]
[WhiteElo "1913"]
[BlackElo "2017"]
[PlyCount "88"]
[EventDate "2014.??.??"]

1. d4 d5 2. c4 e6 3. Nc3 Be7 4. Bf4 Nf6 5. Nf3 O-O 6. e3 Nbd7 7. cxd5 Nxd5 8.
Nxd5 exd5 9. Bd3 Nf6 10. Qc2 c6 11. Bg5 h6 12. Bxf6 Bxf6 13. h3 Be7 14. O-O Bd6
15. Kh1 Qf6 16. Ng1 g5 17. g3 Bd7 18. Rab1 a5 19. Kg2 Qe6 20. Qe2 f5 21. f4
Rae8 22. Rbe1 Qg6 23. Kh2 h5 24. h4 g4 25. Qc2 Re7 26. Kg2 Rfe8 27. Kf2 b6 28.
Qb3 Bc7 29. Bb1 Kg7 30. Qc3 Qf6 31. Ne2 Bd6 32. Qd3 c5 33. Nc3 c4 34. Qc2 Bxf4
35. Nxd5 Bxg3+ 36. Kxg3 Qd6+ 37. Nf4 Rxe3+ 38. Rxe3 Rxe3+ 39. Kg2 Bc6+ 40. d5
Bxd5+ 41. Nxd5 Qxd5+ 42. Kf2 Qe5 43. Rg1 Qf4+ 44. Kg2 Qf3+
0-1

[Event "Fagernes Chess International 2014"]
[Site "Fagernes"]
[Date "2014.04.13"]
[Round "5"]
[White "Snerthammer, Daniel"]
[Black "Skrede, Snorre"]
[Result "1/2-1/2"]
[WhiteElo "1913"]
[BlackElo "1729"]
[PlyCount "70"]
[EventDate "2014.??.??"]

1. e4 c5 2. Nc3 g6 3. f4 d6 4. Nf3 Nc6 5. Bb5 Bd7 6. Bc4 Bg7 7. O-O e6 8. a3 a6
9. d3 Nge7 10. Qe1 h6 11. Kh1 b5 12. Bb3 b4 13. axb4 Nxb4 14. f5 exf5 15. exf5
Bxf5 16. Nh4 O-O 17. Nxf5 Nxf5 18. Nd5 Nxd5 19. Bxd5 Ra7 20. c3 Qh4 21. Qxh4
Nxh4 22. Bf4 Rd8 23. Ra4 g5 24. Bg3 Ng6 25. Rfa1 Ne5 26. Bxe5 Bxe5 27. Rxa6 Re7
28. Ra7 Rdd7 29. Rxd7 Rxd7 30. g4 Kg7 31. Kg2 Re7 32. Be4 Bf4 33. c4 Be5 34.
Ra2 Bd4 35. h3 Be5
1/2-1/2

[Event "Fagernes Chess International 2014"]
[Site "Fagernes"]
[Date "2014.04.13"]
[Round "5"]
[White "Ødegaard, Per Chr"]
[Black "Bakkejord, Odd Vidar"]
[Result "1/2-1/2"]
[WhiteElo "1772"]
[BlackElo "1225"]
[PlyCount "76"]
[EventDate "2014.??.??"]

1. Nf3 d5 2. d4 Nf6 3. Bg5 g6 4. e3 Bg7 5. h3 O-O 6. Bd3 Nbd7 7. Nbd2 Re8 8. c4
h6 9. Bf4 Nh5 10. Bh2 e5 11. dxe5 Nxe5 12. Nxe5 Bxe5 13. Bxe5 Rxe5 14. Nf3 Re7
15. Qc2 Nf4 16. O-O Nxd3 17. Qxd3 Be6 18. Rfd1 Rd7 19. c5 c6 20. Ne5 Bf5 21.
Qd4 Re7 22. g4 Be6 23. Nc4 Rd7 24. Nd6 Qh4 25. Kg2 h5 26. f3 f5 27. gxf5 Qxd4
28. exd4 gxf5 29. Re1 Rg7+ 30. Kf2 Bd7 31. Rg1 b6 32. b4 bxc5 33. bxc5 Rb8 34.
Rab1 Rxb1 35. Rxb1 f4 36. h4 Bh3 37. Rg1 Rxg1 38. Kxg1 Bd7
1/2-1/2

[Event "Fagernes Chess International 2014"]
[Site "Fagernes"]
[Date "2014.04.13"]
[Round "5"]
[White "Østgaard, Pål Inge"]
[Black "Yilmaz, Kazim"]
[Result "1/2-1/2"]
[WhiteElo "1284"]
[BlackElo "1683"]
[PlyCount "26"]
[EventDate "2014.??.??"]

1. e4 e5 2. Nf3 Nf6 3. Nxe5 d6 4. Nf3 Nxe4 5. d4 d5 6. Bd3 Be7 7. O-O O-O 8.
Re1 f5 9. c4 Be6 10. cxd5 Bxd5 11. Nc3 Nxc3 12. bxc3 c6 13. Ne5 Nd7
1/2-1/2

[Event "Fagernes Chess International 2014"]
[Site "Fagernes"]
[Date "2014.04.13"]
[Round "5"]
[White "Laverton, Christian"]
[Black "Rygg, Snorre"]
[Result "1-0"]
[WhiteElo "2080"]
[BlackElo "1821"]
[PlyCount "129"]
[EventDate "2014.??.??"]

1. d4 f5 2. c4 e6 3. Nf3 c6 4. Bf4 d5 5. e3 Nf6 6. Bd3 Be7 7. O-O O-O 8. Qc2
Na6 9. a3 Ne4 10. h3 c5 11. Nc3 b6 12. cxd5 exd5 13. Nxd5 Bb7 14. Nxe7+ Qxe7
15. Rad1 cxd4 16. exd4 Rac8 17. Qb3+ Kh8 18. Rc1 Nc7 19. Bc4 Rfd8 20. Be5 Nd5
21. Rc2 Ng5 22. Nxg5 Qxg5 23. f4 Qe7 24. Rfc1 h6 25. Qg3 Nf6 26. Bd3 Rxc2 27.
Rxc2 Be4 28. Bxe4 fxe4 29. Rc7 Rd7 30. Rc6 Qf7 31. Qh4 Kh7 32. Bxf6 gxf6 33.
Rxf6 Qg7 34. Kh2 Rxd4 35. Re6 Rd2 36. Qg3 Qxg3+ 37. Kxg3 Rxb2 38. a4 Rb4 39.
Re7+ Kg6 40. Rxa7 Kf5 41. Rf7+ Kg6 42. Re7 Rxa4 43. Re6+ Kf5 44. Re5+ Kf6 45.
Rb5 Ra6 46. Kg4 Kg6 47. g3 Kf6 48. h4 Kg6 49. Re5 Kf6 50. Rxe4 b5 51. Rb4 Rb6
52. Kh5 Kf7 53. g4 Kg7 54. f5 Rb8 55. Re4 b4 56. Re7+ Kf8 57. Re1 Kg7 58. g5
hxg5 59. hxg5 b3 60. f6+ Kf7 61. Re7+ Kg8 62. Rg7+ Kh8 63. Kh6 Rb6 64. Rc7 Rb8
65. Rh7+
1-0

[Event "Fagernes Chess International 2014"]
[Site "Fagernes"]
[Date "2014.04.13"]
[Round "5"]
[White "Kaasen, Tor Fredrik"]
[Black "Bjornes, Leif"]
[Result "0-1"]
[WhiteElo "1527"]
[BlackElo "1873"]
[PlyCount "106"]
[EventDate "2014.??.??"]

1. e4 c6 2. Nf3 d5 3. Nc3 Bg4 4. h3 Bxf3 5. Qxf3 e6 6. d3 Bb4 7. Bd2 Nd7 8.
O-O-O Qf6 9. Qg3 d4 10. Ne2 Bxd2+ 11. Rxd2 O-O-O 12. f4 e5 13. h4 Nh6 14. Qf3
Qe6 15. b3 Kb8 16. g3 Qg4 17. Qf2 f6 18. f5 Qh5 19. Bh3 Qe8 20. g4 Nf7 21. Rg1
h6 22. Rg3 Qe7 23. Ng1 Qa3+ 24. Kb1 Nd6 25. c4 dxc3 26. Rc2 Nb5 27. Ne2 Qb4 28.
Qe1 Na3+ 29. Kc1 Nxc2 30. Kxc2 Nc5 31. Qxc3 Qxc3+ 32. Nxc3 Rd4 33. Bf1 Rhd8 34.
Nb1 a5 35. Nd2 b5 36. Be2 Kc7 37. Bf1 Kb6 38. Be2 a4 39. Re3 Ra8 40. Kb2 axb3
41. axb3 Na6 42. Rg3 Nb4 43. g5 Ra2+ 44. Kc1 hxg5 45. hxg5 Rc2+ 46. Kd1 Rd8 47.
gxf6 Ra8 48. Ke1 gxf6 49. Nf1 Ra1+ 50. Kf2 Raa2 51. Re3 Nxd3+ 52. Rxd3 Rxe2+
53. Kg1 Rxe4
0-1

[Event "Fagernes Chess International 2014"]
[Site "Fagernes"]
[Date "2014.04.13"]
[Round "5"]
[White "Machlik, Monika"]
[Black "Kjølberg, Jens Hjorth"]
[Result "1-0"]
[WhiteElo "1976"]
[BlackElo "2092"]
[PlyCount "151"]
[EventDate "2014.??.??"]

1. d4 Nf6 2. c4 g6 3. Nc3 Bg7 4. e4 d6 5. f4 O-O 6. Nf3 c5 7. d5 e6 8. dxe6
fxe6 9. Bd3 Nc6 10. O-O Nd4 11. Nxd4 cxd4 12. Nb5 e5 13. fxe5 dxe5 14. c5 Be6
15. Bg5 h6 16. Bxf6 Rxf6 17. Qc2 Qe7 18. Rxf6 Bxf6 19. Bc4 Bxc4 20. Qxc4+ Kg7
21. Nd6 Rf8 22. Rf1 Bg5 23. g3 Be3+ 24. Kg2 h5 25. b4 h4 26. Rxf8 Qxf8 27. Qe2
hxg3 28. hxg3 b6 29. a3 Kh7 30. Qf1 Qg8 31. Qc4 Qf8 32. Qe2 Kg7 33. cxb6 Qxd6
34. bxa7 Qc6 35. b5 Qa8 36. b6 Bg5 37. Qc2 Bd8 38. Qb1 Qb7 39. a4 Bxb6 40. a5
Qxa7 41. Qxb6 Qa8 42. Qc7+ Kh6 43. Qxe5 d3 44. Kf3 Kh7 45. Ke3 Qa6 46. Qc7+ Kh6
47. Qc5 Qf6 48. Kxd3 Qf1+ 49. Kd4 Qf2+ 50. Kd5 Qf7+ 51. Ke5 Qg7+ 52. Kd5 Qd7+
53. Kc4 Qa4+ 54. Qb4 Qc2+ 55. Kb5 Qd3+ 56. Qc4 Qd7+ 57. Qc6 Qd3+ 58. Kb6 Qd4+
59. Ka6 Qd3+ 60. Kb7 Qb3+ 61. Qb6 Qf7+ 62. Qc7 Qb3+ 63. Ka8 Qe6 64. e5 Qd5+ 65.
Kb8 Qb3+ 66. Kc8 Qe6+ 67. Kd8 Qg8+ 68. Ke7 Qg7+ 69. Kd6 Qf8+ 70. Kd5 Qf3+ 71.
Ke6 Qf5+ 72. Ke7 Qg5+ 73. Kf8 Qf5+ 74. Kg8 Qe6+ 75. Qf7 Qc8+ 76. Qf8+
1-0